000
00296nam a22001217a 4500
999
_c
47399
_d
47398
008
210901b ||||| |||| 00| 0 eng d
100
_a
GIBSON, Rowan
245
_a
Gestao
_b
Repensar o futuro
250
_a
1 ed
260
_a
Lisboa
_b
Editora presensa
_c
1998
300
_a
285p
942
_2
udc
_c
BK